000 00945cam a2200301 a 4500
999 _c10115
_d10115
001 15339436
003 GZU
005 20211014131902.0
008 080623s2009 cau b 001 0 eng
010 _a 2008931581
020 _a9781847872746 (hb)
020 _a1847872743 (hb)
020 _a9781847872753 (pb)
020 _a1847872751 (pb)
040 _aDLC
_cDLC
050 0 0 _aLB1570
_b.KEL 2009
100 1 _aKelly, A. V.
_q(Albert Victor)
_eauthor
245 1 4 _aThe curriculum :
_btheory and practice /
_cA.V. Kelly.
250 _a6th edition.
260 _aThousand Oaks, CA :
_bSAGE Publications,
_c2009.
300 _axiii, 321p. ;
_c25 cm.
504 _aIncludes bibliographical references and index.
650 0 _aEducation
_xCurricula.
650 0 _aCurriculum planning.
906 _a7
_bcbc
_corignew
_d2
_eepcn
_f20
_gy-gencatlg
942 _2lcc
_cBK
_e6th edition
_h1570
_iKEL
_kLB